[Event "9. Lichtenberger Sommer"]
[Site "Berlin"]
[Date "2010.08.07"]
[Round "1.29"]
[White "Simon, Ralf-Axel"]
[Black "Popp, Maximilian"]
[Result "1-0"]
[WhiteElo "2156"]
[BlackElo "1711"]
[PlyCount "81"]
[EventDate "2010.??.??"]
[WhiteTeam "TSG Neuruppin"]
[BlackTeam "Spvgg 1946 e.V. Stetten"]

1. d4 Nf6 2. Nf3 g6 3. b3 Bg7 4. Bb2 O-O 5. e3 d6 6. Be2 Nc6 7. c4 e5 8. dxe5
Ng4 9. Nc3 Ngxe5 10. O-O a6 11. h3 Be6 12. Qd2 Nxf3+ 13. Bxf3 Qg5 14. Bxc6 bxc6
15. Ne4 Qe7 16. Bxg7 Kxg7 17. c5 d5 18. Qc3+ f6 19. Ng5 h6 20. Nf3 Qd7 21. Rfd1
g5 22. Rd2 Rae8 23. Nh2 Re7 24. Nf1 h5 25. Rad1 h4 26. e4 Bf7 27. exd5 cxd5 28.
Qd3 Qc6 29. Ne3 Rd7 30. Nf5+ Kh8 31. Qc3 Qe6 32. Nd4 Qe4 33. Re2 Qg6 34. Rde1
Bg8 35. Qf3 Bh7 36. Ne6 Rff7 37. Qc3 Bg8 38. Qb4 Kh7 39. Qg4 Kh6 40. Nf8 Rxf8
41. Qxd7 1-0

[Event "9. Lichtenberger Sommer"]
[Site "Berlin"]
[Date "2010.08.07"]
[Round "1.30"]
[White "Glantz, Robert"]
[Black "Lachmann, Daniel"]
[Result "1-0"]
[WhiteElo "2138"]
[BlackElo "1707"]
[PlyCount "83"]
[EventDate "2010.??.??"]
[WhiteTeam "Sfrd. Berlin 1903 e.V."]
[BlackTeam "SV Empor Berlin e.V."]

1. e4 c5 2. Nf3 d6 3. d4 cxd4 4. Nxd4 Nf6 5. Nc3 Nc6 6. Bg5 e5 7. Bxf6 gxf6 8.
Nf5 Bxf5 9. exf5 Nd4 10. Bb5+ Nxb5 11. Nxb5 Qb6 12. Qd3 Rc8 13. O-O-O Qxf2 14.
Nc3 Qf4+ 15. Kb1 Qc4 16. Qd2 Be7 17. Nd5 Rc6 18. Rhf1 Kd7 19. Rf3 Rhc8 20. Ne3
Qa4 21. Rh3 Ra6 22. a3 Rc5 23. Qb4 Qc6 24. Qb3 Rb5 25. Qxf7 Rxa3 26. Nd5 Rxd5
27. Qe6+ Kd8 28. Qxd5 Rxh3 29. gxh3 Qxd5 30. Rxd5 Kc7 31. c4 Bf8 32. Kc2 Bh6
33. Kd3 Bf4 34. Ke4 b6 35. b4 h6 36. b5 Bxh2 37. Rd2 Bf4 38. Rg2 Bg5 39. Kd5
Kd7 40. Ra2 Kc7 41. Rxa7+ Kb8 42. Re7 1-0

[Event "9. Lichtenberger Sommer"]
[Site "Berlin"]
[Date "2010.08.07"]
[Round "1.31"]
[White "Kiesewetter, Peter"]
[Black "Meißner, Hans-Jürgen"]
[Result "1/2-1/2"]
[WhiteElo "1702"]
[BlackElo "2125"]
[PlyCount "81"]
[EventDate "2010.??.??"]
[WhiteTeam "SC Schwarz-Weiß Lichtenrade e.V."]
[BlackTeam "SV Empor Berlin e.V."]

1. Nf3 Nf6 2. d4 g6 3. Bf4 d6 4. h3 Bg7 5. e3 O-O 6. Be2 c5 7. c4 Qb6 8. Qb3
Qxb3 9. axb3 Nc6 10. Nc3 b6 11. O-O Bb7 12. Rfd1 Rfd8 13. d5 Na5 14. Nd2 Ne8
15. Bg5 Kf8 16. Bd3 Nc7 17. Bc2 Na6 18. f4 Nb4 19. Be4 Rd7 20. Rf1 Kg8 21. f5
Be5 22. f6 h6 23. Bxh6 exf6 24. Bf4 Kg7 25. Bxe5 fxe5 26. Rae1 f5 27. Bb1 Ba6
28. Rf3 e4 29. Rf4 Rf8 30. Ref1 Rdf7 31. g4 Nb7 32. Ne2 Nd8 33. Ng3 Bc8 34.
gxf5 gxf5 35. R1f2 Bd7 36. Ndf1 a6 37. Kh2 b5 38. Rg2 Kh8 39. Rh4+ Rh7 40. Rf4
Rhf7 41. Rh4+ 1/2-1/2

[Event "9. Lichtenberger Sommer"]
[Site "Berlin"]
[Date "2010.08.07"]
[Round "1.32"]
[White "Kurz, Christian"]
[Black "Kießling, Beate"]
[Result "1-0"]
[WhiteElo "2122"]
[BlackElo "1699"]
[PlyCount "61"]
[EventDate "2010.??.??"]
[WhiteTeam "SC Bechhofen 1923 e.V."]
[BlackTeam "Queer-Springer SSV Berlin"]

1. e4 c6 2. d4 d5 3. Nc3 dxe4 4. Nxe4 Nd7 5. Ng5 Ngf6 6. Bd3 e6 7. N1f3 Bd6 8.
Qe2 h6 9. Ne4 Nxe4 10. Qxe4 Nf6 11. Qe2 O-O 12. Bd2 Qc7 13. O-O-O c5 14. h4 Bd7
15. dxc5 Qxc5 16. Kb1 Rfe8 17. Be3 Qc7 18. Nd4 a6 19. g4 Nd5 20. g5 Ba3 21. Bc1
Qb6 22. Nb3 Bd6 23. gxh6 g6 24. h5 e5 25. hxg6 Nf4 26. gxf7+ Kxf7 27. Bc4+ Be6
28. Bxf4 exf4 29. Qh5+ Ke7 30. Rhe1 Kd7 31. Bxe6+ 1-0

[Event "9. Lichtenberger Sommer"]
[Site "Berlin"]
[Date "2010.08.07"]
[Round "1.33"]
[White "Boeck, Rüdiger"]
[Black "Rohde, Wolfgang"]
[Result "0-1"]
[WhiteElo "1695"]
[BlackElo "2110"]
[PlyCount "98"]
[EventDate "2010.??.??"]
[WhiteTeam "SC Weisse Dame Ulm e.V."]
[BlackTeam "SC Friesen Lichtenberg e.V."]

1. e4 c5 2. Nf3 e6 3. d4 cxd4 4. Nxd4 a6 5. Nc3 Ne7 6. Be3 Nec6 7. Nb3 d6 8.
Be2 Nd7 9. O-O Be7 10. f4 Qc7 11. f5 O-O 12. fxe6 fxe6 13. Bg4 Rxf1+ 14. Qxf1
Nde5 15. Qe2 Bd7 16. Rf1 b5 17. Bh5 g6 18. Bf3 Nc4 19. Bc1 Bf6 20. Nd1 Rf8 21.
c3 Bg7 22. h4 N6e5 23. h5 Nxf3+ 24. Rxf3 Rxf3 25. Qxf3 Ne5 26. Qe2 gxh5 27.
Qxh5 Qc4 28. Nf2 Nf7 29. Qg4 b4 30. cxb4 Qxb4 31. Qd1 Qc4 32. Qd3 Bb5 33. Qxc4
Bxc4 34. Na5 Bxa2 35. b4 Bc3 36. Nc6 Ne5 37. Nxe5 Bxe5 38. Nd3 Bd4+ 39. Kf1 Bc4
40. Ke2 Kf7 41. Kd2 Kf6 42. Bb2 Bxb2 43. Nxb2 Bf1 44. g3 Bb5 45. Nd1 Ke5 46.
Ke3 d5 47. Nf2 d4+ 48. Kd2 h5 49. Kd1 Bc6 0-1

[Event "9. Lichtenberger Sommer"]
[Site "Berlin"]
[Date "2010.08.07"]
[Round "1.35"]
[White "Kohlmeyer, Dagobert"]
[Black "Magnussen, Helge"]
[Result "0-1"]
[WhiteElo "1687"]
[BlackElo "2093"]
[PlyCount "96"]
[EventDate "2010.??.??"]
[WhiteTeam "SC Rochade e.V."]
[BlackTeam "Elmshorner SC von 1896"]

1. e4 e6 2. d4 d5 3. Nc3 Bb4 4. e5 c5 5. a3 Bxc3+ 6. bxc3 Ne7 7. Nf3 Qc7 8. a4
Bd7 9. a5 Nbc6 10. a6 b6 11. Bb5 Nxe5 12. Bxd7+ Nxd7 13. O-O Rc8 14. Re1 cxd4
15. Nxd4 Nc5 16. Qg4 Ng6 17. f4 O-O 18. f5 exf5 19. Nxf5 Rfe8 20. Ba3 f6 21. h4
Ne4 22. h5 Ne5 23. Qf4 Qxc3 24. Ne7+ Rxe7 25. Bxe7 Rc4 26. Qe3 Kf7 27. Qxc3
Rxc3 28. Bd8 Nd7 29. Red1 Ke6 30. Rdb1 Rc8 31. Bxb6 Nxb6 32. g4 Ke5 33. h6 gxh6
34. Rf1 Rg8 35. Rf5+ Ke6 36. Rh5 Rxg4+ 37. Kh2 Rf4 38. Rg1 Ng5 39. Re1+ Kf5 40.
Rg1 Kg6 41. Rh3 Kf5 42. Rh5 Nc4 43. Rb1 Kg6 44. Rxg5+ hxg5 45. Rb7 Rf2+ 46. Kg1
Rxc2 47. Rxa7 Ra2 48. Ra8 Nb6 0-1

[Event "9. Lichtenberger Sommer"]
[Site "Berlin"]
[Date "2010.08.07"]
[Round "1.36"]
[White "Groß, Thorsten"]
[Black "Koischwitz, Wanja"]
[Result "0-1"]
[WhiteElo "2086"]
[BlackElo "1686"]
[PlyCount "98"]
[EventDate "2010.??.??"]
[WhiteTeam "SC Weisse Dame e.V."]
[BlackTeam "Queer-Springer SSV Berlin"]

1. e4 Nf6 2. e5 Nd5 3. d4 d6 4. Nf3 Bg4 5. h3 Bh5 6. exd6 cxd6 7. Bb5+ Nd7 8.
O-O e6 9. Be2 Be7 10. c4 N5b6 11. b3 O-O 12. Bb2 Bf6 13. Nc3 Re8 14. Qd2 d5 15.
c5 Bxf3 16. Bxf3 Nc8 17. b4 a6 18. a4 Ne7 19. Nd1 Nf5 20. Qd3 Nh4 21. Bg4 Qc7
22. g3 Ng6 23. Ne3 a5 24. b5 Rac8 25. Rfc1 Be7 26. Qd2 Bg5 27. b6 Qb8 28. Ra3
f5 29. Bh5 f4 30. Nf1 Nf6 31. Bxg6 hxg6 32. g4 Ne4 33. Qxa5 f3 34. Rc2 Rf8 35.
Nh2 Nxf2 36. Rxf2 Qg3+ 37. Kf1 Qxh3+ 38. Ke1 Bh4 39. Qd2 Qxh2 40. Kd1 Qxf2 41.
Qxf2 Bxf2 42. a5 Bg3 43. Ra1 f2 44. Ke2 e5 45. a6 exd4 46. axb7 Rxc5 47. Bxd4
f1=Q+ 48. Rxf1 Rxf1 49. Bxc5 Rf7 0-1

[Event "9. Lichtenberger Sommer"]
[Site "Berlin"]
[Date "2010.08.07"]
[Round "1.37"]
[White "Rudolph, Stephanie"]
[Black "Heuer, Thomas"]
[Result "1/2-1/2"]
[WhiteElo "1683"]
[BlackElo "2085"]
[PlyCount "41"]
[EventDate "2010.??.??"]
[WhiteTeam "SC Friesen Lichtenberg e.V."]
[BlackTeam "TSG Neuruppin"]

1. d4 d5 2. c4 e6 3. cxd5 exd5 4. Nc3 Nf6 5. Bg5 Nbd7 6. e3 Be7 7. Bd3 O-O 8.
Nf3 c6 9. O-O Re8 10. Nd2 Nf8 11. Qc2 Ng4 12. Bxe7 Qxe7 13. Rae1 Qh4 14. Nf3
Qh5 15. b4 a6 16. a4 Ne6 17. h3 Nf6 18. Ne5 a5 19. Be2 Qh6 20. b5 c5 21. dxc5
1/2-1/2

[Event "9. Lichtenberger Sommer"]
[Site "Berlin"]
[Date "2010.08.07"]
[Round "1.38"]
[White "Welz, Peter"]
[Black "Alvarez, Luis"]
[Result "1-0"]
[WhiteElo "2083"]
[BlackElo "1681"]
[PlyCount "21"]
[EventDate "2010.??.??"]
[WhiteTeam "SV Empor Berlin e.V."]
[BlackTeam "Schachclub Zug um Zug Everswinke"]

1. e4 d5 2. exd5 Qxd5 3. Nc3 Qa5 4. d4 Nf6 5. Nf3 Bf5 6. Bc4 e6 7. Bd2 c6 8. d5
cxd5 9. Nxd5 Qd8 10. Nxf6+ Qxf6 11. Bg5 1-0

[Event "9. Lichtenberger Sommer"]
[Site "Berlin"]
[Date "2010.08.07"]
[Round "1.39"]
[White "Lange, Rudolf"]
[Black "Hahlbohm, Matthias"]
[Result "0-1"]
[WhiteElo "1676"]
[BlackElo "2082"]
[PlyCount "110"]
[EventDate "2010.??.??"]
[WhiteTeam "SG Narva Berlin e.V."]
[BlackTeam "TSG Oberschöneweide e.V."]

1. e4 e6 2. b3 d5 3. Bb2 dxe4 4. Nc3 Nf6 5. Qe2 Be7 6. Nxe4 Nxe4 7. Qxe4 Bf6 8.
Bxf6 Qxf6 9. c3 O-O 10. Bd3 g6 11. Nf3 Rd8 12. Bc2 c5 13. h4 Nc6 14. h5 e5 15.
hxg6 hxg6 16. O-O-O Bf5 17. Qh4 Qxh4 18. Rxh4 Bxc2 19. Kxc2 Kg7 20. Rdh1 b5 21.
Ng5 Rd5 22. Rh7+ Kf6 23. Ne4+ Ke7 24. Ng5 Rf8 25. R1h6 Kf6 26. Ne4+ Kf5 27. d3
c4 28. Ng3+ Ke6 29. dxc4 bxc4 30. b4 a5 31. a3 axb4 32. axb4 Ra8 33. Ne4 Ra2+
34. Kb1 Re2 35. Nc5+ Ke7 36. Kc1 Rd6 37. Rh1 Rd8 38. Rh8 Rxf2 39. b5 Rxh8 40.
Rxh8 Nd8 41. b6 Rf6 42. b7 Rb6 43. Rh4 Nxb7 44. Nxb7 Rxb7 45. Rxc4 Kd6 46. Kd1
f5 47. Ra4 Kd5 48. g4 f4 49. Ra6 Rc7 50. Rxg6 Rxc3 51. Rg8 Rg3 52. g5 Ke4 53.
g6 Ke3 54. g7 Rg1+ 55. Kc2 f3 0-1

[Event "9. Lichtenberger Sommer"]
[Site "Berlin"]
[Date "2010.08.07"]
[Round "1.40"]
[White "Schleich, Theodor"]
[Black "Würsig, Mathias"]
[Result "1-0"]
[WhiteElo "2073"]
[BlackElo "1676"]
[PlyCount "65"]
[EventDate "2010.??.??"]
[WhiteTeam "FC Bayern München e.V."]
[BlackTeam "SV Blau-Gelb 1899 Hosena e.V."]

1. d4 Nf6 2. Bg5 g6 3. Bxf6 exf6 4. e4 d6 5. Bd3 Nc6 6. c3 Bg7 7. Nf3 O-O 8.
O-O Ne7 9. Re1 Re8 10. Nbd2 c5 11. Qb3 Rf8 12. Rad1 f5 13. dxc5 dxc5 14. Nc4
Qc7 15. Ne3 fxe4 16. Bxe4 Rb8 17. Nd5 Nxd5 18. Bxd5 Bg4 19. Rd3 b5 20. Rde3 c4
21. Qa3 Qd7 22. Be4 Rfe8 23. Qc5 Rec8 24. Qd5 b4 25. Ne5 Bxe5 26. Qxe5 Rb5 27.
Qf4 bxc3 28. bxc3 Ra5 29. h4 Rxa2 30. Bb1 Ra5 31. Re7 Qd5 32. Be4 Qh5 33. Qxf7+
1-0

[Event "9. Lichtenberger Sommer"]
[Site "Berlin"]
[Date "2010.08.07"]
[Round "1.41"]
[White "Ziems, Michael"]
[Black "Bethe, Stephan"]
[Result "0-1"]
[WhiteElo "1673"]
[BlackElo "2073"]
[PlyCount "146"]
[EventDate "2010.??.??"]
[WhiteTeam "SV Empor Berlin e.V."]
[BlackTeam "SC Kreuzberg e.V."]

1. d4 Nf6 2. c4 c5 3. d5 b5 4. cxb5 a6 5. Nc3 Qa5 6. Bd2 axb5 7. Ne4 Qb6 8.
Nxc5 d6 9. Nb3 g6 10. Bc3 Bg7 11. Bd4 Qb7 12. e4 O-O 13. Bd3 e6 14. Qf3 Nbd7
15. dxe6 fxe6 16. Qe2 b4 17. f3 e5 18. Be3 Kh8 19. Nh3 Nb6 20. Nf2 Be6 21. O-O
Nh5 22. Rfc1 Nf4 23. Bxf4 exf4 24. h3 Qa7 25. Kh2 Bf6 26. Nh1 Na4 27. Rcb1 Rfc8
28. Bb5 Nc5 29. Nd2 Qb6 30. Bc4 Bd4 31. Bxe6 Nxe6 32. Nb3 Be5 33. Nf2 Rc7 34.
Rc1 Rxc1 35. Nxc1 Nd4 36. Qd2 Rc8 37. Ncd3 Rc2 38. Qd1 b3 39. axb3 Qxb3 40. Ra3
Qb8 41. Rc3 Rxb2 42. Nxb2 Qxb2 43. Rc8+ Kg7 44. Nd3 Qa2 45. Nb4 Qf2 46. Nd3 Qa2
47. Re8 Bf6 48. Rc8 Be5 49. Rc7+ Kh6 50. Re7 Bf6 51. Re8 Kg7 52. e5 Kf7 53.
exf6 Kxe8 54. Nxf4 Qf2 55. Qd3 Nf5 56. Qe4+ Kf8 57. Nh5 Qa2 58. Ng3 d5 59. Qe6
Qa7 60. Nxf5 gxf5 61. Qxd5 Qc7+ 62. Kg1 Qb6+ 63. Kf1 Qxf6 64. g4 fxg4 65. hxg4
Qa1+ 66. Kg2 Kg7 67. Kg3 Qc1 68. Qd4+ Kg6 69. Qe4+ Kg7 70. f4 Qg1+ 71. Kh4 Qh2+
72. Kg5 Qh6+ 73. Kf5 Qf6# 0-1

[Event "9. Lichtenberger Sommer"]
[Site "Berlin"]
[Date "2010.08.07"]
[Round "1.42"]
[White "Major, Vitalij"]
[Black "Rüther, Marc"]
[Result "1-0"]
[WhiteElo "2071"]
[BlackElo "1661"]
[PlyCount "59"]
[EventDate "2010.??.??"]
[WhiteTeam "SC Zitadelle Spandau 1977 e.V."]
[BlackTeam "Queer-Springer SSV Berlin"]

1. d4 Nf6 2. c4 c5 3. d5 b5 4. cxb5 a6 5. b6 e6 6. Nc3 Nxd5 7. Nxd5 exd5 8.
Qxd5 Nc6 9. e4 Be7 10. Bc4 O-O 11. Nf3 Rb8 12. O-O Rxb6 13. Qh5 Qe8 14. e5 d6
15. exd6 Bxd6 16. Re1 Qd7 17. b3 Qg4 18. Qxg4 Bxg4 19. Ng5 Ne5 20. Bf1 h6 21.
Ne4 Be7 22. Ba3 Rg6 23. Rac1 Bf5 24. Ng3 Bd3 25. Bxc5 Bxc5 26. Rxc5 Rd8 27.
Rcxe5 Rgd6 28. Rd1 Bxf1 29. Rxd6 Rxd6 30. Nxf1 1-0

[Event "9. Lichtenberger Sommer"]
[Site "Berlin"]
[Date "2010.08.07"]
[Round "1.43"]
[White "Bandsom, Olaf"]
[Black "Elsing, Jan"]
[Result "0-1"]
[WhiteElo "1661"]
[BlackElo "2066"]
[PlyCount "115"]
[EventDate "2010.??.??"]
[WhiteTeam "SC Friesen Lichtenberg e.V."]
[BlackTeam "SC Friesen Lichtenberg e.V."]

1. e4 Nf6 2. Nc3 d5 3. e5 d4 4. exf6 dxc3 5. fxg7 cxd2+ 6. Qxd2 Qxd2+ 7. Bxd2
Bxg7 8. O-O-O Nc6 9. Nf3 O-O 10. Bd3 Bd7 11. h4 h6 12. Rdg1 f5 13. Bc4+ Kh7 14.
Bd3 e5 15. Bc4 e4 16. Nh2 Ne5 17. Bb3 c5 18. Bd5 Bc6 19. Bxc6 Nxc6 20. g4 f4
21. g5 Nd4 22. Re1 Rae8 23. c3 Nb5 24. Ng4 h5 25. Nh2 Nd6 26. Kc2 Kg6 27. Nf1
c4 28. Rd1 Re6 29. Bc1 Be5 30. Rd5 Rc8 31. Nh2 Rc6 32. Nf1 Ra6 33. a3 Rb6 34.
Rc5 Rb5 35. Rxb5 Nxb5 36. Nd2 Nd6 37. f3 e3 38. Nb1 Nf5 39. Kd1 Rd6+ 40. Ke1 b5
41. a4 bxa4 42. Na3 Rc6 43. Nc2 Bd6 44. Rh2 Bc5 45. Ke2 Rb6 46. Ke1 Rb3 47. Ke2
a5 48. Ke1 a3 49. Nxa3 Bxa3 50. bxa3 Rxc3 51. Kd1 Rb3 52. Rc2 c3 53. Rh2 Nd4
54. Ra2 a4 55. Rg2 c2+ 56. Ke1 Rb1 57. Rxc2 Nxc2+ 58. Kd1 0-1

[Event "9. Lichtenberger Sommer"]
[Site "Berlin"]
[Date "2010.08.07"]
[Round "1.44"]
[White "Hertwig, Christopher"]
[Black "Schlittermann, Wolfgang"]
[Result "1-0"]
[WhiteElo "2062"]
[BlackElo "1647"]
[PlyCount "91"]
[EventDate "2010.??.??"]
[WhiteTeam "SK König Tegel 1949 e.V."]
[BlackTeam "SK Gilette"]

1. d4 Nf6 2. c4 e6 3. Nc3 Bb4 4. f3 Nh5 5. Nh3 Nc6 6. e4 d5 7. Be3 dxe4 8. fxe4
Qh4+ 9. Nf2 g6 10. Qd2 Qd8 11. Be2 Ng7 12. O-O O-O 13. Ng4 f5 14. Nh6+ Kh8 15.
d5 exd5 16. cxd5 Ne5 17. Qd4 Bd6 18. Nb5 a6 19. Nxd6 cxd6 20. Rac1 Bd7 21. Qb4
Bc8 22. Bb6 Qh4 23. Qxd6 Nd7 24. e5 Ne8 25. Nxf5 Rxf5 26. Qe6 Rxe5 27. Rf8+ Kg7
28. Qf7+ Kh6 29. Rxe8 Rxe8 30. Qxe8 Qb4 31. Be3+ Kg7 32. Rf1 Nf6 33. Qe5 Bf5
34. Bd4 Qf8 35. Qxf6+ Qxf6 36. Bxf6+ Kxf6 37. g4 Rd8 38. Bc4 b5 39. Bb3 Ke5 40.
gxf5 gxf5 41. Re1+ Kf4 42. Kf2 h5 43. Re6 a5 44. d6 h4 45. Bd5 Kg5 46. Bc6 1-0

[Event "9. Lichtenberger Sommer"]
[Site "Berlin"]
[Date "2010.08.07"]
[Round "1.45"]
[White "Krawatzki, Armin"]
[Black "Badestein, Hartmut"]
[Result "1/2-1/2"]
[WhiteElo "1637"]
[BlackElo "2055"]
[PlyCount "104"]
[EventDate "2010.??.??"]
[WhiteTeam "SVG Läufer Reinickendorf e.V."]
[BlackTeam "SC Friesen Lichtenberg e.V."]

1. Nf3 Nf6 2. d4 g6 3. Nc3 d5 4. Bf4 Bg7 5. e3 O-O 6. Be2 c6 7. O-O Nh5 8. Bg3
Nxg3 9. hxg3 Nd7 10. e4 dxe4 11. Nxe4 Nf6 12. Nxf6+ Bxf6 13. c3 Qb6 14. Qb3 Qc7
15. Nd2 Bf5 16. Rad1 h5 17. Bf3 h4 18. g4 Be6 19. Qc2 Kg7 20. Ne4 Qf4 21. Qe2
g5 22. c4 Rad8 23. Nxf6 Qxf6 24. d5 cxd5 25. cxd5 Bc8 26. Rfe1 Rfe8 27. Qe5
Qxe5 28. Rxe5 Kf6 29. Rde1 Rd6 30. Bd1 Bd7 31. f3 Rb6 32. Bb3 a5 33. R5e4 a4
34. Bxa4 Bxa4 35. Rxa4 Rxb2 36. d6 Rd2 37. Rb4 Rxd6 38. Rxb7 Rd2 39. Ra7 e6 40.
Rb1 Re7 41. Rxe7 Kxe7 42. Rb7+ Kd6 43. Rxf7 Rxa2 44. Rg7 Ke5 45. Kh2 Kf6 46.
Rb7 Rd2 47. Rb4 Re2 48. Rb6 Rd2 49. Rb4 Re2 50. Rb6 Rd2 51. Rb4 Ke5 52. Re4+
Kf6 1/2-1/2

[Event "9. Lichtenberger Sommer"]
[Site "Berlin"]
[Date "2010.08.07"]
[Round "1.46"]
[White "Amelang, Thomas"]
[Black "Nopp, Josef"]
[Result "1-0"]
[WhiteElo "2049"]
[BlackElo "1633"]
[PlyCount "37"]
[EventDate "2010.??.??"]
[WhiteTeam "SK Siemens München"]
[BlackTeam "SV Urfahr"]

1. e4 g6 2. d4 Bg7 3. c3 d6 4. Bd3 Nd7 5. Nf3 b6 6. Be3 Bb7 7. Nbd2 e6 8. O-O
Ne7 9. Qe2 h6 10. Rad1 g5 11. h3 O-O 12. Nh2 f5 13. f4 fxe4 14. Nxe4 Nf5 15.
fxg5 Nxe3 16. Qxe3 Rxf1+ 17. Rxf1 d5 18. Nf6+ Nxf6 19. Qxe6+ 1-0

[Event "9. Lichtenberger Sommer"]
[Site "Berlin"]
[Date "2010.08.07"]
[Round "1.47"]
[White "Schönemann, Manfred"]
[Black "Wasem, Ralph"]
[Result "0-1"]
[WhiteElo "1633"]
[BlackElo "2047"]
[PlyCount "96"]
[EventDate "2010.??.??"]
[WhiteTeam "SV Turbine Berlin e.V."]
[BlackTeam "SK Landau"]

1. d4 g6 2. c4 Bg7 3. Nc3 c5 4. Nf3 cxd4 5. Nxd4 Nc6 6. e3 d6 7. g3 Bd7 8. Bg2
Rc8 9. b3 Qa5 10. Bd2 Qe5 11. Nf3 Qh5 12. O-O Bg4 13. Nd5 Ne5 14. Nf4 Qf5 15.
Nd4 Qd7 16. f3 g5 17. fxg4 gxf4 18. Rxf4 Ng6 19. Rf1 e6 20. Qf3 Rb8 21. Rad1
Ne5 22. Qe2 Ne7 23. Bb4 a6 24. Bxd6 Qxd6 25. Nf5 Nxf5 26. Rxd6 Nxd6 27. Rd1 Ke7
28. a3 Rbc8 29. g5 h6 30. gxh6 Bxh6 31. Kf2 Nf5 32. Bxb7 Rb8 33. Be4 Nxe3 34.
Rb1 f5 35. Bf3 f4 36. c5 fxg3+ 37. hxg3 Rbf8 38. Qxa6 Rxf3+ 39. Ke2 Nf5 40.
Qb7+ Kf6 41. Qxf3 Nxf3 42. Kxf3 e5 43. g4 Nd4+ 44. Ke4 Ke6 45. b4 Rf8 46. b5
Rf4+ 47. Kd3 Kd5 48. Kd2 Rf3+ 0-1

[Event "9. Lichtenberger Sommer"]
[Site "Berlin"]
[Date "2010.08.07"]
[Round "1.48"]
[White "Hüttemann, Ralf"]
[Black "Mohr, Horst"]
[Result "1-0"]
[WhiteElo "2045"]
[BlackElo "1616"]
[PlyCount "123"]
[EventDate "2010.??.??"]
[WhiteTeam "Schachfreunde Battenberg"]
[BlackTeam "SC Caissa Falkensee e.V."]

1. e4 c6 2. f4 d5 3. Nc3 dxe4 4. Nxe4 g6 5. Bc4 Nf6 6. Nxf6+ exf6 7. Nf3 Qe7+
8. Qe2 Qxe2+ 9. Bxe2 Bd6 10. d4 Bf5 11. c4 Nd7 12. c5 Bc7 13. a4 O-O 14. Kf2
Rfe8 15. Ra3 Rad8 16. b4 Be4 17. Be3 a6 18. g4 Re7 19. Rg1 Rde8 20. b5 axb5 21.
axb5 Bd5 22. Bf1 Nf8 23. f5 Kh8 24. h4 Be4 25. Bh6 Nd7 26. Ra7 Bb8 27. Ra3 Rg8
28. Bd3 Bxd3 29. Rxd3 gxf5 30. gxf5 Rxg1 31. Kxg1 Re4 32. bxc6 bxc6 33. Rb3 Bf4
34. Bxf4 Rxf4 35. Kf2 Rxf5 36. Rb7 Rd5 37. Rc7 Kg7 38. Rxc6 Nf8 39. Ke3 Ng6 40.
Ra6 Ne7 41. Ra7 Kf8 42. Ra8+ Kg7 43. Ra6 Kf8 44. Nd2 Rh5 45. Ra8+ Kg7 46. Nf3
Rd5 47. Kd3 Rf5 48. Ke4 Rd5 49. Re8 Rd7 50. Rxe7 Rxe7+ 51. Kd5 Kf8 52. Kd6 Re6+
53. Kd7 Re7+ 54. Kd8 Re8+ 55. Kc7 Re7+ 56. Kb6 Re3 57. d5 Rb3+ 58. Kc7 Rxf3 59.
d6 Rc3 60. c6 Rxc6+ 61. Kxc6 Ke8 62. Kc7 1-0

[Event "9. Lichtenberger Sommer"]
[Site "Berlin"]
[Date "2010.08.07"]
[Round "1.49"]
[White "Engelhardt, Erhard"]
[Black "Krefenstein, Sergej"]
[Result "1-0"]
[WhiteElo "1611"]
[BlackElo "2045"]
[PlyCount "39"]
[EventDate "2010.??.??"]
[WhiteTeam "SSV Rotation Berlin e.V."]
[BlackTeam "vereinslos"]

1. f4 e5 2. fxe5 d6 3. exd6 Bxd6 4. Nf3 g5 5. g3 g4 6. Nh4 Ne7 7. d4 Ng6 8.
Nxg6 hxg6 9. Qd3 Nc6 10. c3 Qe7 11. e4 Be6 12. Bg2 O-O-O 13. Bf4 Bc5 14. Nd2 f5
15. O-O-O Bxa2 16. Rhe1 Rhe8 17. Qb5 Bxd4 18. cxd4 Nxd4 19. Qa5 Qe6 20. Qxc7#
1-0

[Event "9. Lichtenberger Sommer"]
[Site "Berlin"]
[Date "2010.08.07"]
[Round "1.50"]
[White "Fischer, Daniel"]
[Black "Hesselbarth, Karlheinz"]
[Result "1-0"]
[WhiteElo "2043"]
[BlackElo "1606"]
[PlyCount "63"]
[EventDate "2010.??.??"]
[WhiteTeam "SK Oberkirch"]
[BlackTeam "SC Zugzwang 95 e.V."]

1. c4 e6 2. g3 d5 3. Bg2 Nf6 4. Nf3 c5 5. b3 Be7 6. O-O O-O 7. e3 Nc6 8. Bb2 d4
9. exd4 cxd4 10. Re1 Re8 11. Na3 Bf8 12. Nc2 e5 13. d3 Bg4 14. h3 Bd7 15. b4
Qc7 16. b5 Nb4 17. a3 Nxc2 18. Qxc2 Bc5 19. Nd2 Rad8 20. Re2 Bf5 21. Rae1 e4
22. Nxe4 Rxe4 23. Rxe4 Bxe4 24. Bxe4 Nh5 25. Qe2 g6 26. Qf3 Rd6 27. Bxb7 Rf6
28. Qg2 Qa5 29. Rd1 Qa4 30. Rd2 Qb3 31. Qd5 Rf5 32. Qd8+ 1-0

[Event "9. Lichtenberger Sommer"]
[Site "Berlin"]
[Date "2010.08.07"]
[Round "1.51"]
[White "Radßat, Rene"]
[Black "Richter, Götz"]
[Result "1/2-1/2"]
[WhiteElo "1600"]
[BlackElo "2030"]
[PlyCount "116"]
[EventDate "2010.??.??"]
[WhiteTeam "SV Bad Schwartau von 1930"]
[BlackTeam "Klub Kölner Schachfreunde e.V. 1"]

1. Nc3 c5 2. e4 Nc6 3. g3 g6 4. Bg2 Bg7 5. d3 d6 6. f4 e6 7. Nf3 Nge7 8. Be3
O-O 9. O-O Rb8 10. Rb1 Nd4 11. Ne2 Nxf3+ 12. Bxf3 b6 13. c3 Qd7 14. d4 f5 15.
e5 cxd4 16. cxd4 Ba6 17. Qb3 d5 18. Qa3 Bc4 19. Rfd1 Rfc8 20. Rbc1 a5 21. Nc3
Nc6 22. b3 Ba6 23. Qb2 Bf8 24. Be2 Bxe2 25. Nxe2 Be7 26. Nc3 Na7 27. Rc2 Rc6
28. Rdc1 Rbc8 29. Na4 Kf7 30. Rxc6 Rxc6 31. Kf2 Nb5 32. Rxc6 Qxc6 33. Qc1 Qxc1
34. Bxc1 Bd8 35. Ke3 Ke7 36. h3 Kd7 37. Bb2 Kc6 38. Nc3 Na7 39. Ba3 Nc8 40. Bf8
Na7 41. Kd3 Kb7 42. Bd6 Ka6 43. Na4 Nb5 44. Bf8 g5 45. Nc3 Nxc3 46. Kxc3 gxf4
47. gxf4 Bh4 48. Kd3 a4 49. Bd6 Kb5 50. Bf8 Bg3 51. Ke3 Be1 52. Ke2 Bb4 53. Bd6
axb3 54. axb3 Bc3 55. Ke3 Bb2 56. Be7 Bc1+ 57. Kf3 Bd2 58. Bf8 Bb4 1/2-1/2

[Event "9. Lichtenberger Sommer"]
[Site "Berlin"]
[Date "2010.08.07"]
[Round "1.52"]
[White "Keil, Uwe"]
[Black "Prix, Siegfried"]
[Result "1-0"]
[WhiteElo "2029"]
[BlackElo "1596"]
[PlyCount "55"]
[EventDate "2010.??.??"]
[WhiteTeam "SC Friesen Lichtenberg e.V."]
[BlackTeam "Sfrd. Berlin 1903 e.V."]

1. e4 d5 2. exd5 Qxd5 3. Nc3 Qa5 4. Bc4 Nf6 5. d4 e5 6. dxe5 Qxe5+ 7. Be3 Bb4
8. Nge2 Bg4 9. O-O O-O 10. Bd4 Qg5 11. Bxf6 Qxf6 12. Nd5 Qd6 13. h3 Bh5 14. c3
Ba5 15. b4 Bb6 16. Qc2 Bg6 17. Qb3 Nd7 18. Rad1 Ne5 19. Nef4 Nxc4 20. Qxc4 Rfe8
21. Nxb6 Qxb6 22. Nd5 Qe6 23. Qf4 Qe5 24. Qxe5 Rxe5 25. f4 Re2 26. f5 c6 27.
Nf4 Bh5 28. Nxh5 1-0

[Event "9. Lichtenberger Sommer"]
[Site "Berlin"]
[Date "2010.08.07"]
[Round "1.53"]
[White "Hempel-Morgenstern, Markus"]
[Black "Schwarz, Oliver"]
[Result "0-1"]
[WhiteElo "1564"]
[BlackElo "2026"]
[PlyCount "88"]
[EventDate "2010.??.??"]
[WhiteTeam "SG Weißensee 49 e.V."]
[BlackTeam "SV Bad Schwartau von 1930"]

1. c4 c5 2. Nc3 Nc6 3. Nf3 b6 4. g3 Bb7 5. Bg2 Nf6 6. O-O e6 7. Ne1 Be7 8. d3
O-O 9. Bf4 d6 10. Qa4 Rc8 11. Bh3 a6 12. a3 Nh5 13. Bd2 a5 14. Qd1 Nf6 15. Bg2
d5 16. b3 Qd7 17. Bf4 Rfe8 18. Nc2 d4 19. Ne4 Nxe4 20. Bxe4 e5 21. Bd2 f5 22.
Bd5+ Kh8 23. f4 Bf6 24. Bh1 e4 25. dxe4 fxe4 26. e3 d3 27. Ne1 Bxa1 28. Qxa1
Ne7 29. Ng2 Ng6 30. Ne1 Rcd8 31. Rf2 Re7 32. Ng2 Qg4 33. Qf1 Qf5 34. Ne1 Bc8
35. Bg2 h5 36. h4 Nf8 37. Kh2 Nh7 38. Bh3 Qf7 39. Bxc8 Rxc8 40. Qh3 Rf8 41. Qf1
Nf6 42. Kg1 Ng4 43. Rg2 Qf6 44. Bc1 Qc3 0-1